01408nam a2200325Ia 4500001000700000003000500007008004100012010001100053040000900064090001900073100003800092245012700130260003300257300000900290502019000299650003200489650003900521650002800560700005800588700003500646700005200681901001900733902000600752910000900758942000600767942000600773999001900779952014200798952014200940Z_1698CHAP220113s1999 xx 000 0 und d a164790 cCHAP aTesis M49 1354 aMeza Ortega, Víctor Hugo975340 aComposición química de paja de cuatro variedades de frijol y su utilización por ovinos /cVíctor Hugo Meza Ortega aMéxico :bEl autor,c1999 a51 h aTesis (Ingeniero Agrónomo Especialista en Zootecnia) -- UACh, 1999 \ Dirección: Salvador Fernández Rivera ; asesoría: Víctor A. González Hernández y Maximino Huerta Bravo aFrijolxSubproductos943437 aGanado lanarxNutrición\ 945205 aPaja de frijol\ 984775 a González Hernández, Víctor A., asesor 9138866 a Huerta Bravo, Maximino956658 aFernández Rivera, Salvador, director 9138867 aTESIS M49 1354 aM a1999 c2 c2 c164790d164790 00102local4051708TESISaZbZd2005-11-09eEl autorl0oTesis M49 1354 1991p5101002138r2022-01-18 00:00:00tEj.1w2022-01-18yTESIS 00102local4055708TESISaZbZd2005-11-09eEl autorl0oTesis M49 1354 1991p5101002139r2022-01-18 00:00:00tEj.2w2022-01-18yTESIS